<?xml version="1.0" encoding="UTF-8"?>
<record
    xmlns:xsi="http://www.w3.org/2001/XMLSchema-instance"
    xsi:schemaLocation="http://www.loc.gov/MARC21/slim http://www.loc.gov/standards/marcxml/schema/MARC21slim.xsd"
    xmlns="http://www.loc.gov/MARC21/slim">

  <leader>01114    a2200241   4500</leader>
  <controlfield tag="003">UA-OsUOA</controlfield>
  <controlfield tag="005">20260629155037.0</controlfield>
  <controlfield tag="008">260622b        un ||||| |||| 00| 0 ukr d</controlfield>
  <datafield tag="020" ind1=" " ind2=" ">
    <subfield code="a">96675475</subfield>
  </datafield>
  <datafield tag="040" ind1=" " ind2=" ">
    <subfield code="b">ukr</subfield>
    <subfield code="c">UA-OsUOA</subfield>
  </datafield>
  <datafield tag="041" ind1=" " ind2=" ">
    <subfield code="a">ukr</subfield>
  </datafield>
  <datafield tag="080" ind1=" " ind2=" ">
    <subfield code="a">929</subfield>
  </datafield>
  <datafield tag="090" ind1=" " ind2=" ">
    <subfield code="a">929</subfield>
    <subfield code="b">&#x428;37</subfield>
  </datafield>
  <datafield tag="110" ind1=" " ind2=" ">
    <subfield code="a">&#x41C;&#x456;&#x43D;&#x456;&#x441;&#x442;&#x435;&#x440;&#x441;&#x442;&#x432;&#x43E; &#x43A;&#x443;&#x43B;&#x44C;&#x442;&#x443;&#x440;&#x438; &#x456; &#x43C;&#x438;&#x441;&#x442;&#x435;&#x446;&#x442;&#x432; &#x423;&#x43A;&#x440;&#x430;&#x457;&#x43D;&#x438;</subfield>
    <subfield code="b">&#x41D;&#x430;&#x446;&#x456;&#x43E;&#x43D;&#x430;&#x43B;&#x44C;&#x43D;&#x430; &#x41F;&#x430;&#x440;&#x43B;&#x430;&#x43C;&#x435;&#x43D;&#x442;&#x441;&#x44C;&#x43A;&#x430; &#x431;&#x456;&#x431;&#x43B;&#x456;&#x43E;&#x442;&#x435;&#x43A;&#x430; &#x423;&#x43A;&#x440;&#x430;&#x457;&#x43D;&#x438;</subfield>
    <subfield code="b">&#x406;&#x43D;&#x441;&#x442;&#x438;&#x442;&#x443;&#x442; &#x43B;&#x456;&#x442;&#x435;&#x440;&#x430;&#x442;&#x443;&#x440;&#x438; &#x456;&#x43C;. &#x422;. &#x428;&#x435;&#x432;&#x447;&#x435;&#x43D;&#x43A;&#x430; &#x41D;&#x410;&#x41D; &#x423;&#x43A;&#x440;&#x430;&#x457;&#x43D;&#x438;</subfield>
    <subfield code="9">25633</subfield>
  </datafield>
  <datafield tag="245" ind1=" " ind2=" ">
    <subfield code="a">&#x412;&#x430;&#x43B;&#x435;&#x440;&#x456;&#x439; &#x428;&#x435;&#x432;&#x447;&#x443;&#x43A;: "&#x41C;&#x430;&#x432; &#x434;&#x435;&#x440;&#x437;&#x43D;&#x43E;&#x432;&#x435;&#x43D;&#x43D;&#x44F; &#x431;&#x443;&#x442;&#x438; &#x441;&#x430;&#x43C;&#x438;&#x43C; &#x441;&#x43E;&#x431;&#x43E;&#x44E;"</subfield>
    <subfield code="b">&#x431;&#x456;&#x43E;&#x431;&#x456;&#x431;&#x43B;&#x456;&#x43E;&#x433;&#x440;&#x430;&#x444;&#x456;&#x447;&#x43D;&#x438;&#x439; &#x43D;&#x430;&#x440;&#x438;&#x441;</subfield>
    <subfield code="c">&#x41B;. &#x411;. &#x422;&#x430;&#x440;&#x43D;&#x430;&#x448;&#x438;&#x43D;&#x441;&#x44C;&#x43A;&#x430;</subfield>
  </datafield>
  <datafield tag="260" ind1=" " ind2=" ">
    <subfield code="a">&#x41A;.</subfield>
    <subfield code="b">&#x41D;&#x41F;&#x411;&#x423;</subfield>
    <subfield code="c">2002</subfield>
  </datafield>
  <datafield tag="300" ind1=" " ind2=" ">
    <subfield code="a">112 &#x441;.</subfield>
  </datafield>
  <datafield tag="650" ind1=" " ind2=" ">
    <subfield code="a">929 &#x411;&#x456;&#x43E;&#x433;&#x440;&#x430;&#x444;&#x456;&#x447;&#x43D;&#x456; &#x434;&#x43E;&#x441;&#x43B;&#x456;&#x434;&#x436;&#x435;&#x43D;&#x43D;&#x44F;</subfield>
    <subfield code="9">1571</subfield>
  </datafield>
  <datafield tag="700" ind1="1" ind2=" ">
    <subfield code="a">&#x422;&#x430;&#x440;&#x43D;&#x430;&#x448;&#x438;&#x43D;&#x441;&#x44C;&#x43A;&#x430; &#x41B;. &#x411;.</subfield>
    <subfield code="9">25634</subfield>
  </datafield>
  <datafield tag="942" ind1=" " ind2=" ">
    <subfield code="c">BK</subfield>
    <subfield code="2">udc</subfield>
  </datafield>
  <datafield tag="955" ind1=" " ind2=" ">
    <subfield code="a">1</subfield>
  </datafield>
  <datafield tag="999" ind1=" " ind2=" ">
    <subfield code="c">580916</subfield>
    <subfield code="d">580916</subfield>
  </datafield>
  <datafield tag="952" ind1=" " ind2=" ">
    <subfield code="0">0</subfield>
    <subfield code="1">0</subfield>
    <subfield code="2">udc</subfield>
    <subfield code="4">0</subfield>
    <subfield code="7">0</subfield>
    <subfield code="8">C_Shevchuk_V.</subfield>
    <subfield code="a">101</subfield>
    <subfield code="b">101</subfield>
    <subfield code="d">2026-06-22</subfield>
    <subfield code="e">&#x2116;32/18.06.2026</subfield>
    <subfield code="g">20.00</subfield>
    <subfield code="l">0</subfield>
    <subfield code="o">929 &#x428;37</subfield>
    <subfield code="p">170145</subfield>
    <subfield code="r">2026-06-22 12:00:13</subfield>
    <subfield code="w">2026-06-22</subfield>
    <subfield code="y">BK</subfield>
  </datafield>
</record>
